Биокатализаторы и их модели: учебное пособие

Bibliografiske detaljer
Hovedforfatter: Николаев Л. А. Лев Александрович
Sprog:russisk
Udgivet: Москва, Высшая школа, 1968
Udgivelse:2-е изд., перераб. и доп.
Fag:
Format: Bog
KOHA link:https://koha.lib.tpu.ru/cgi-bin/koha/opac-detail.pl?biblionumber=289003

MARC

LEADER 00000nam0a2200000 4500
001 289003
005 20231102000139.0
035 |a (RuTPU)RU\TPU\book\313508 
090 |a 289003 
100 |a 20150331d1968 m y0rusy50 ca 
101 0 |a rus 
102 |a RU 
105 |a a j 001zy 
200 1 |a Биокатализаторы и их модели  |e учебное пособие  |f Л. А. Николаев 
205 |a 2-е изд., перераб. и доп. 
210 |a Москва  |c Высшая школа  |d 1968 
215 |a 196 с.  |c ил. 
320 |a Библиогр. в конце гл. 
606 1 |a Биокатализаторы  |2 stltpush  |3 (RuTPU)RU\TPU\subj\28665  |9 52179 
610 1 |a модели 
610 1 |a биогенез 
610 1 |a абиогенные элементы 
610 1 |a строение 
610 1 |a кинетика 
610 1 |a биокатализ 
610 1 |a учебные пособия 
675 |a 577.15(075.8)  |v 3 
700 1 |a Николаев  |b Л. А.  |g Лев Александрович 
801 1 |a RU  |b 63413507  |c 20150331 
801 2 |a RU  |b 63413507  |c 20150522  |g RCR 
942 |c BK